<?xml version="1.0" encoding="UTF-8"?>
<record
    xmlns:xsi="http://www.w3.org/2001/XMLSchema-instance"
    xsi:schemaLocation="http://www.loc.gov/MARC21/slim http://www.loc.gov/standards/marcxml/schema/MARC21slim.xsd"
    xmlns="http://www.loc.gov/MARC21/slim">

  <leader>01334nam a22002897a 4500</leader>
  <controlfield tag="005">20260701105331.0</controlfield>
  <controlfield tag="008">260630s2026    ag ||||| |||| 00| 0 spa d</controlfield>
  <datafield tag="020" ind1=" " ind2=" ">
    <subfield code="a">Sentencia TI 39/26    Fecha 19/06/2026</subfield>
    <subfield code="b">SEN</subfield>
  </datafield>
  <datafield tag="110" ind1=" " ind2=" ">
    <subfield code="a">Tribunal de Impugnaci&#xF3;n</subfield>
    <subfield code="9">1</subfield>
  </datafield>
  <datafield tag="245" ind1="1" ind2="1">
    <subfield code="a">"V. B., O. C. (17) S/ HOMICIDIO AGRAVADO POR EL USO DE ARMA DE FUEGO EN CALIDAD DE AUTOR", "V. B., O. C. (16) S/ HOMICIDIO EN OCACI&#xD3;N DE ROBO" "V. B., O. C. (17) S/ ROBO SIMPLE EN GRADO DE TENTATIVA EN CALIDAD DE  COAUTOR" /</subfield>
    <subfield code="c">Tribunal de Impugnaci&#xF3;n</subfield>
  </datafield>
  <datafield tag="300" ind1=" " ind2=" ">
    <subfield code="a">84 p.</subfield>
    <subfield code="b">pdf</subfield>
  </datafield>
  <datafield tag="518" ind1=" " ind2=" ">
    <subfield code="a">19/06/2026</subfield>
  </datafield>
  <datafield tag="653" ind1=" " ind2=" ">
    <subfield code="a">HOMICIDIO AGRAVADO POR EL USO DE ARMA DE FUEGO EN CALIDAD DE AUTOR</subfield>
  </datafield>
  <datafield tag="653" ind1=" " ind2=" ">
    <subfield code="a">HOMICIDIO EN OCASI&#xD3;N DE ROBO</subfield>
  </datafield>
  <datafield tag="653" ind1=" " ind2=" ">
    <subfield code="a">ROBO SIMPLE EN GRADO DE TENTATIVA EN CALIDAD DE COAUTOR</subfield>
  </datafield>
  <datafield tag="653" ind1=" " ind2=" ">
    <subfield code="a">CONVENCI&#xD3;N SOBRE LOS DERECHOS DEL NI&#xD1;O</subfield>
  </datafield>
  <datafield tag="653" ind1=" " ind2=" ">
    <subfield code="a">INTER&#xC9;S SUPERIOR DEL NI&#xD1;O</subfield>
  </datafield>
  <datafield tag="653" ind1=" " ind2=" ">
    <subfield code="a">SISTEMA PENAL JUVENIL</subfield>
  </datafield>
  <datafield tag="653" ind1=" " ind2=" ">
    <subfield code="a">REITERACI&#xD3;N DELICTIVA</subfield>
  </datafield>
  <datafield tag="653" ind1=" " ind2=" ">
    <subfield code="a">HOMICIDIOS CONSUMADOS</subfield>
  </datafield>
  <datafield tag="700" ind1=" " ind2=" ">
    <subfield code="a">Martini, Florencia Mar&#xED;a</subfield>
    <subfield code="9">11</subfield>
  </datafield>
  <datafield tag="700" ind1="1" ind2=" ">
    <subfield code="a">Sauli, Estefania</subfield>
    <subfield code="9">70</subfield>
  </datafield>
  <datafield tag="700" ind1="1" ind2=" ">
    <subfield code="a">Repetto, Andr&#xE9;s</subfield>
    <subfield code="9">10</subfield>
  </datafield>
  <datafield tag="774" ind1=" " ind2=" ">
    <subfield code="a">Legajo 279770/23   251189/23    287436/23 </subfield>
  </datafield>
  <datafield tag="856" ind1=" " ind2=" ">
    <subfield code="u">http://jurispenal.jusneuquen.gov.ar/cgi-bin/koha/opac-retrieve-file.pl?id=6287b183ed659681626829602b52d4ac</subfield>
    <subfield code="y">Texto completo Sentencia TI</subfield>
  </datafield>
  <datafield tag="942" ind1=" " ind2=" ">
    <subfield code="2">ddc</subfield>
    <subfield code="c">SEN</subfield>
  </datafield>
  <datafield tag="999" ind1=" " ind2=" ">
    <subfield code="c">1307</subfield>
    <subfield code="d">1307</subfield>
  </datafield>
</record>
